Turkic Languages by Speakers - Statistics

General Stats
  • This quiz has been taken 47 times
  • The average score is 19 of 35
Answer Stats
Family Language Native Speakers % Correct
Oghuz Turkish 83,000,000
100%
Qarluq Uzbek 44,000,000
100%
Kipchak Kazakh 19,000,000
97%
Kipchak Kyrgyz 5,000,000
97%
Oghuz Azerbaijani 30,000,000
95%
Oghuz Turkmen 7,000,000
95%
Qarluq Uyghur 25,000,000
85%
Kipchak Tatar 5,500,000
79%
Kipchak Bashkir 1,500,000
67%
Oghur Chuvash 1,200,000
67%
Kipchak Crimean Tatar 600,000
64%
Siberian Turkic Yakut 400,000
62%
Siberian Turkic Tuvan 300,000
59%
Oghuz Gagauz 150,000
56%
Kipchak Karakalpak 650,000
54%
Siberian Turkic Altai 60,000
51%
Oghuz Qashqai 1,000,000
51%
Kipchak Kumyk 450,000
46%
Kipchak Nogai 100,000
46%
Siberian Turkic Khakas 50,000
44%
Kipchak Karachay-Balkar 400,000
38%
Oghuz Salar 70,000
38%
Kipchak Siberian Tatar 100,000
38%
Karluk Äynu 6,000
36%
Siberian Turkic Dolgan 1,000
36%
Arghu Turkic Khalaj 20,000
36%
Kipchak Karaim 100
33%
Oghuz Khorasani 1,000,000
33%
Siberian Turkic Chulym 50
31%
Kipchak Krymchak 200
31%
Siberian Turkic Shor 3,000
31%
Siberian Turkic Tofa 100
28%
Kipchak Urum 200,000
28%
Siberian Turkic Western Yugur 5,000
28%
Karluk Ili Turki 100
26%
No matching quizzes found
Score Distribution
Percent of People with Each Score
Percentile by Number Answered
Your Score History
You have not taken this quiz